Žurnalistika údajov

Rozdiel medzi investigatívnou žurnalistikou a žurnalistikou údajov. Komercionalizácia údajov. Matematika a informatika. Aplikácie. Žurnalistika údajov.

Saved in:
Bibliographic Details
Main Author: Bačišin, Vladimír
Format: Book Chapter
Language:Slovak
Subjects:
Tags: Add Tag
No Tags, Be the first to tag this record!

MARC

LEADER 00000naa a2200000 4500
001 0199809
005 20220422122931.5
041 0 |a slo 
044 |a SK 
245 1 0 |a Žurnalistika údajov  |c Vladimír Bačišin 
520 |a Rozdiel medzi investigatívnou žurnalistikou a žurnalistikou údajov. Komercionalizácia údajov. Matematika a informatika. Aplikácie. Žurnalistika údajov. 
610 2 0 |a žurnalistika 
610 2 0 |a dáta 
610 2 0 |a informatika 
610 2 0 |a informácie 
100 1 |a Bačišin, Vladimír